000
00300nam a22001337a 4500
008
171031b xxu||||| |||| 00| 0 eng d
020
_a
9780137153732
041
_a
eng
080
_2
6 ED
_a
59
100
_a
59
101
_a
BUS
245
_a
INTERNATIONAL BUSINESS
_c
GRIFFIN.R.W
942
_2
udc
_c
BK
999
_c
36839
_d
36839